000 00505nam a2200193 a 4500
001 1769935627207
003 YourLibrary
005 20260201143127.0
008 260201s2008##################000#0#eng##
020 _a9780199208869
082 0 4 _a332.494
_bDYS
100 1 _aDyson, Kenneth,
_eauthor.
245 1 0 _aThe Euro at Ten :
260 _bOxford University Press,
_c2008.
300 _a495 pages
650 0 _aBusiness & Economics.
942 _cENGLISH
040 _aYourLibrary
_beng
_cYourLibrary
999 _c609652
_d609652